000
00292nam a22001337a 4500
008
170809b xxu||||| |||| 00| 0 eng d
020
_a
9780071614818
041
_a
eng
080
_a
004
100
_a
35
101
_a
SHK
245
_a
SMALL BUSINES WEB SITES
_c
HOLZNER,S
942
_2
udc
_c
BK
999
_c
23037
_d
23037